<?xml version="1.0" encoding="UTF-8"?>
<collection xmlns="http://www.loc.gov/MARC21/slim">
 <record>
  <leader>01672nam a2200205Ia 4500</leader>
  <controlfield tag="001">TDMU_33896</controlfield>
  <controlfield tag="008">210410s9999    xx            000 0 und d</controlfield>
  <datafield tag="082" ind1=" " ind2=" ">
   <subfield code="a">658.15</subfield>
  </datafield>
  <datafield tag="090" ind1=" " ind2=" ">
   <subfield code="b">H531</subfield>
  </datafield>
  <datafield tag="100" ind1=" " ind2=" ">
   <subfield code="a">Huỳnh, Lệ Thi</subfield>
  </datafield>
  <datafield tag="245" ind1=" " ind2="0">
   <subfield code="a">Đánh giá sự hài lòng của người nộp thuế đối với chất lượng dịch vụ tuyên truyền hỗ trợ tại văn phòng cục thuế tỉnh Bình Dương</subfield>
  </datafield>
  <datafield tag="245" ind1=" " ind2="0">
   <subfield code="c">Huỳnh Lệ Thi; GS.TS. Hồ Đức Hùng  (hướng dẫn)</subfield>
  </datafield>
  <datafield tag="260" ind1=" " ind2=" ">
   <subfield code="a">Bình Dương</subfield>
  </datafield>
  <datafield tag="260" ind1=" " ind2=" ">
   <subfield code="c">2018</subfield>
  </datafield>
  <datafield tag="300" ind1=" " ind2=" ">
   <subfield code="a">79 tr</subfield>
  </datafield>
  <datafield tag="520" ind1=" " ind2=" ">
   <subfield code="a">Chuyên ngành: Quản trị kinh doanh; Mã số: 83.40.10.1; Ý kiến về việc sao chép tài liệu: đồng ý sao chép 50%; Ý kiến về việc chuyển dạng tài liệu ( từ giấy sang điện tử):  đồng ý; TM tài liệu tham khảo sau phần kết luận; Luận văn Thạc sĩ  Quản trị kinh doanh trường ĐH Thủ Dầu Một, 2018; Luận văn gồm 5 chương. Chương 1 Tổng quan nghiên cứu; Chương 2 Cơ sở lý thuyết và mô hình nghiên cứu; Chương 3  Phương pháp nghiên cứu; Chương 4 Kết quả nghiên cứu; Chương 5 Kết luận và khuyến nghị</subfield>
  </datafield>
  <datafield tag="650" ind1=" " ind2=" ">
   <subfield code="a">Luận văn; Chất lượng dịch vụ thuế</subfield>
   <subfield code="x">Sự hài lòng</subfield>
   <subfield code="z">Cục Thuế tỉnh Bình Dương</subfield>
  </datafield>
  <datafield tag="700" ind1=" " ind2=" ">
   <subfield code="a">Hồ Đức Hùng</subfield>
  </datafield>
  <datafield tag="856" ind1=" " ind2=" ">
   <subfield code="u">http://lrc.tdmu.edu.vn/opac/search/detail.asp?aID=2&amp;ID=33896</subfield>
  </datafield>
  <datafield tag="980" ind1=" " ind2=" ">
   <subfield code="a">Trung tâm Học liệu Trường Đại học Thủ Dầu Một</subfield>
  </datafield>
 </record>
</collection>
